| 000 | 00425nam a22001937a 4500 | ||
|---|---|---|---|
| 999 |
_c331060 _d331060 |
||
| 003 | NUST | ||
| 005 | 20200930100700.0 | ||
| 008 | 170830b xxu||||| |||| 00| 0 eng d | ||
| 020 | _a0073102148 | ||
| 038 | _aAZHAR | ||
| 040 | _c0 | ||
| 082 | _a302 | ||
| 100 | _4Karen G. Duffy (Ed) | ||
| 245 | _aSocial psychology | ||
| 250 | _a6th edition | ||
| 260 |
_aUSA _bMcGraw-hill _c2005 |
||
| 300 | _a207p | ||
| 942 |
_2ddc _cBK |
||